000 00948nam a2200253Ia 4500
003 OSt
005 20220923211158.0
006 a|||||r|||| 00| 0
007 ta
008 220922b |||||||| |||| 00| 0 hin d
020 _a8188123196 (hbk)
_c90
024 _a234,341
037 _b427, 04/03/2008, University Book House
_cTextual
040 _aARTS
_cARTS
_bhin
041 _2hin
_ahin
082 _aV231:21wK27, 152P6
100 _aलाला लाजपतराय; श्रवण कुमार
_9159210
245 0 _aछत्रपति शिवाजी
246 _aChhatrapati shivājī
260 _aदिल्ली
_b हिमाचल पुस्तक भंडार
_c2006
300 _a116पृ.
_ccm.
942 _hV231:21wK27, 152P6
_cTEXL
_2CC
999 _c296407
_d296407